000 00730nam a2200289Ia 4500
008 180313s9999 xx 000 0 und d
020 _a9780545227735
050 _bGS FIC S857th 2010
100 _aStilton, Geronimo
245 _aThea Stilton :
245 _band the mystery in Paris /
245 _cby Geronimo Stilton.
260 _aNew York, New York :
260 _bScholastic Inc.,
260 _c2010
300 _a157 pages :
300 _bcolored illustrations ;
300 _c19cm.
440 _aThea Stilton.
650 _aMice --
650 _aStilton, Geronimo --
650 _xFiction.
650 _xGraphic novel.
650 _xJuvenile fiction.
700 _aSeries.
700 _aTitle.
999 _c356245
_d356245